Propuesta de mejora en la implementación del sistema integrado de manufactura en los procesos productivos en la empresa Tabacalera AJ Fernández Cigars S.A de la Ciudad de Estelí, periodo 2020
Esta investigación procura encontrar explicaciones a situaciones internas que afectan actualmente el proceso productivo y el sistema integrado de manufactura de la empresa, lo que permitirá identificar diferentes técnicas y herramientas de procesos productivos en una realidad más concreta en la...
| Main Authors: | , , |
|---|---|
| Other Authors: | |
| Format: | Tesis Section = Libro |
| Language: | Undetermined Spanish |
| Published: |
Managua
UNI
2020
|
| Subjects: |
| LEADER | 01312nam a2200277Ia 4500 | ||
|---|---|---|---|
| 008 | 240830s9999 xx 000 0 und d | ||
| 040 | |a BIBLIOTECA-RUPAP Mon 670 G633 | ||
| 041 | |a spa | ||
| 082 | |a Mon 670 G633 | ||
| 100 | 1 | |a Gómez Castro, Katherine Sujey | |
| 100 | 1 | |b Chavarría Picado, Rodolfo David | |
| 100 | 1 | |c Torrez Monzón, Niuman Josué | |
| 245 | 1 | 0 | |a Propuesta de mejora en la implementación del sistema integrado de manufactura en los procesos productivos en la empresa Tabacalera AJ Fernández Cigars S.A de la Ciudad de Estelí, periodo 2020 |
| 260 | |a Managua |b UNI |c 2020 | ||
| 300 | |a 153 p. :il. | ||
| 500 | |a Contiene: anexos y CD | ||
| 502 | |a Tesis (Ingeniero Industrial)- UNI, 2020. | ||
| 520 | 3 | |a Esta investigación procura encontrar explicaciones a situaciones internas que afectan actualmente el proceso productivo y el sistema integrado de manufactura de la empresa, lo que permitirá identificar diferentes técnicas y herramientas de procesos productivos en una realidad más concreta en la empresa AJ Fernández Cigars S.A. | |
| 650 | 7 | |a MANUFACTURA | |
| 650 | 7 | |b PROCESOS PRODUCTIVOS | |
| 650 | 7 | |c ESTRATEGIAS ADMINISTRATIVA | |
| 650 | 7 | |d PRODUCCION | |
| 700 | 1 | |a Tutor: |b Pineda Rodríguez, Keylin Mayela | |
| 942 | |c BK |2 ddc | ||
| 991 | |a TESIS | ||
| 999 | |c 17782 | ||